000
00299nam a2200157Ia 4500
100
_a
Deep/Sen
650
_a
General
942
_c
BK
366
_f
20
245
_a
Yes you can
260
_b
Magna Publishers
_c
2003
082
_a
371.4
_b
DEP
300
_a
263
546
_a
ENGLISH
999
_c
25673
_d
25673